LEADER 01110nam a2200289 i 4500 001 000000336885 003 CaOOAMICUS 005 20191004155021.0 008 191004s2000 it u000 u ita u 013 $a57210 020 $a88-8227-089-0 040 $aSeMil$bita 100 1 $aClément, Olivier,$d<1921-2009>.$0(OLS)http://semarc/name/4742 240 10$aChrist est ressuscité.$0(OLS)http://semarc/title/426005 245 13$aLe feste cristiane / $cOlivier Clement. 264 1$aMagnano :$bQiqajon,$c2000. 300 $a95 p. ;$c21 cm. 490 0 $aLiturgia e vita 650 4$aFeste cristiane.$0(OLS)http://semarc/subject/774 830 0$aLiturgia e vita.$0(OLS)http://semarc/title/424526 850 $aSeMil 852 $aSeMil$W1$xVenegono$y1$m3K V 483$j218845$B228777$CSeMilBibl$Z2$F228777 $81 961 $aBrambilla don Paolo - Omaggio 996 $6020$a88-8227-089-0$9(OLS)http://semarc/number/288784 996 $6245$aLe feste cristiane / $9(OLS)http://semarc/title/426006 996 $6264$aMagnano :$bQiqajon$9(OLS)http://semarc/publisher/32326 LEADER 01176nam a2200265 i 4500 001 000000064367 003 CaOOAMICUS 005 20230920165452.0 008 130107s1981 it u000 u ita u 013 $a35539 040 $aSeMil$bita 100 1 $aNovasconi, Armando.$0(OLS)http://semarc/name/20081 245 10$aCastelli intorno a Lodi :$bappunti di storia e d'arte /$cArmando Novasconi. 260 $aLodi :$bBanca Popolare di Lodi,$c1981. 300 $a84 p. ;$c27 cm. 650 4$aCassano d'Adda - Castelli.$0(OLS)http://semarc/subject/54433 650 4$aChignolo Po - Castelli.$0(OLS)http://semarc/subject/54434 650 4$aLodi - Castelli.$0(OLS)http://semarc/subject/54432 650 4$aMelegnano - Castelli.$0(OLS)http://semarc/subject/54435 650 4$aPeschiera Borromeo - Castelli.$0(OLS)http://semarc/subject/54436 850 $aSeMil 852 $aSeMil$W1$xVenegono$y1$m3P V 89$j30520$B30520$CSeMilBibl$Z2$F30523 $81 996 $6245$aCastelli intorno a Lodi :$bappunti di storia e d'arte$9(OLS)http://semarc/title/101878 996 $6260$aLodi :$bBanca Popolare di Lodi$9(OLS)http://semarc/publisher/42540